000 00552nam a22001817a 4500
005 20130620144020.0
010 _aENG-107689
020 _a9788175246379
_c750.00
035 _aEN-91222
037 _bDBAD/PUB
245 _aTeaching health education /
_cedited and compiled by Jitendra Kumar Thakur [and] O.P. Aneja
260 _aNew Delhi
_bKhel Sahitya Kendra
_c2013
270 _a7/26, Ansari Road, Daryaganj
_bNew Delhi
_e110002
300 _a303p.
_c23cm(Hb)
700 _aThakur, Jitendra Kumar
700 _aAneja, O.P.
942 _2ddc
_cEN
_mTEA
999 _c76818
_d76818